Kraje z największą ilością krów - Statystyki

Ogólne statystyki
  • Ten quiz został rozwiązany 79 razy
  • Średni wynik to 32 z 50
Statystyki odpowiedzi
Ilość Kraj % Poprawnych
63 391 934 Chiny
97%
193 462 871 Indie
97%
6 261 600 Polska
97%
94 804 700 Stany Zjednoczone
93%
214 659 840 Brazylia
91%
18 150 620 Francja
91%
11 639 530 Niemcy
90%
35 224 960 Meksyk
88%
54 460 799 Argentyna
87%
11 500 000 Kanada
85%
6 377 230 Włochy
81%
24 723 458 Australia
79%
27 239 767 Kolumbia
78%
5 599 891 Peru
78%
9 738 913 Wielka Brytania
76%
12 588 635 Południowa Afryka
75%
5 193 919 Iran
73%
9 741 474 Boliwia
72%
47 821 000 Pakistan
72%
17 118 650 Indonezja
70%
17 042 506 Turcja
70%
16 048 816 Wenezuela
70%
6 060 024 Wietnam
69%
15 225 408 Niger
66%
7 436 407 Kazachstan
64%
20 664 069 Nigeria
64%
11 400 963 Urugwaj
64%
63 284 177 Etiopia
60%
10 150 591 Nowa Zelandia
60%
5 651 717 Afganistan
58%
31 489 000 Sudan
57%
20 898 769 Kenia
55%
24 187 000 Bangladesz
54%
13 801 993 Paragwaj
54%
30 612 461 Czad
52%
18 583 932 Mjanma
52%
12 949 700 Uzbekistan
49%
13 143 378 Sudan Południowy
48%
27 821 063 Tanzania
48%
6 559 650 Irlandia
46%
12 111 128 Mali
46%
7 385 035 Nepal
43%
5 770 179 Kamerun
42%
16 334 337 Uganda
40%
6 600 330 Senegal
36%
5 522 956 Zimbabwe
33%
9 984 684 Madagaskar
30%
10 003 682 Burkina Faso
25%
7 932 748 Gwinea
21%
5 221 159 Nikaragua
10%
Nie znaleziono quizów pasujących do podanych kryteriów
Rozkład punktacji
Procent ludzi z każdym wynikiem
Percentyl według liczby udzielonych odpowiedzi
Twoja historia wyników
Nie rozwiązałeś tego quizu